Normal view
MARC view
- Fuller, Lon L.
Entry Personal Name
001 - CONTROL NUMBER
- control field: 94303
003 - CONTROL NUMBER IDENTIFIER
- control field: NUST
005 - DATE AND TIME OF LATEST TRANSACTION
- control field: 20220721111047.0
008 - FIXED-LENGTH DATA ELEMENTS
- fixed length control field: 220721|| aca||aabn | a|a d
040 ## - CATALOGING SOURCE
- Original cataloging agency: NUST
- Transcribing agency: NUST
100 ## - HEADING--PERSONAL NAME
- Personal name: Fuller, Lon L.
- Fuller form of name: (Lon Luvois),
- Dates associated with a name: 1902-1978
670 ## - SOURCE DATA FOUND
- Source citation: Work cat.: (NUST)0: Fuller, Lon L. (Lon Luvois), 1902-1978., The morality of law /, 1977, c1969.
